Ecology Environmental Science and Conservation (Record no. 45778)

MARC details
000 -LEADER
fixed length control field 00460nam a22001697a 4500
008 - FIXED-LENGTH DATA ELEMENTS--GENERAL INFORMATION
fixed length control field 230227b ||||| |||| 00| 0 eng d
020 ## - INTERNATIONAL STANDARD BOOK NUMBER
International Standard Book Number 9789383746002
082 ## - DEWEY DECIMAL CLASSIFICATION NUMBER
Classification number 577.5
Item number SIE
041 ## - LANGUAGE CODE
Language code of text/sound track or separate title eng
100 ## - MAIN ENTRY--PERSONAL NAME
Personal name Singh J.S.
245 ## - TITLE STATEMENT
Title Ecology Environmental Science and Conservation
Remainder of title
Statement of responsibility, etc. By J.S. Singh
260 ## - PUBLICATION, DISTRIBUTION, ETC.
Place of publication, distribution, etc. New Delhi
Name of publisher, distributor, etc. S Chand and Company Ltd.
Date of publication, distribution, etc. 2022
300 ## - PHYSICAL DESCRIPTION
Extent 929p.
650 ## - SUBJECT ADDED ENTRY--TOPICAL TERM
Topical term or geographic name entry element BOTANY
700 ## - ADDED ENTRY--PERSONAL NAME
Personal name Singh S.P.,
-- Gupta S.R.
942 ## - ADDED ENTRY ELEMENTS (KOHA)
Koha item type Books
Holdings
Withdrawn status Lost status Source of classification or shelving scheme Damaged status Not for loan Home library Current library Date acquired Source of acquisition Cost, normal purchase price Total Checkouts Full call number Barcode Date last seen Date last checked out Price effective from Koha item type Date due
    Dewey Decimal Classification     Chaudhary Ranbir Singh University Chaudhary Ranbir Singh University 23.02.2023 Indu Book Services, New Delhi 700.00 8 577.5 SIE 29373 08.04.2026 09.03.2026 28.02.2023 Books  
    Dewey Decimal Classification     Chaudhary Ranbir Singh University Chaudhary Ranbir Singh University 23.02.2023 Indu Book Services, New Delhi 700.00 5 577.5 SIE 29374 26.02.2026 28.01.2026 28.02.2023 Books  
    Dewey Decimal Classification     Chaudhary Ranbir Singh University Chaudhary Ranbir Singh University 23.02.2023 Indu Book Services, New Delhi 700.00 4 577.5 SIE 29375 25.02.2026 28.01.2026 28.02.2023 Books  
    Dewey Decimal Classification     Chaudhary Ranbir Singh University Chaudhary Ranbir Singh University 23.02.2023 Indu Book Services, New Delhi 700.00 6 577.5 SIE 29376 07.04.2026 07.04.2026 28.02.2023 Books 07.05.2026
    Dewey Decimal Classification     Chaudhary Ranbir Singh University Chaudhary Ranbir Singh University 23.02.2023 Indu Book Services, New Delhi 700.00 6 577.5 SIE 29377 07.04.2026 09.03.2026 28.02.2023 Books  
    Dewey Decimal Classification     Chaudhary Ranbir Singh University Chaudhary Ranbir Singh University 23.02.2023 Indu Book Services, New Delhi 700.00 4 577.5 SIE 29378 25.02.2026 28.01.2026 28.02.2023 Books  
    Dewey Decimal Classification     Chaudhary Ranbir Singh University Chaudhary Ranbir Singh University 23.02.2023 Indu Book Services, New Delhi 700.00 8 577.5 SIE 29379 18.03.2026 17.02.2026 28.02.2023 Books  


Copyright © 2025 CRSU. All Rights Reserved.